top 15 girl names in 2021! - Statistics

General Stats
  • This quiz has been taken 45 times
    34 since last reset
  • The average score is 8 of 15
Answer Stats
# Answer % Correct
3 Sophia
78%
1 Emma
74%
6 Mia
70%
2 Olivia
70%
4 Ava
63%
13 grace
63%
5 Isabella
63%
14 Ella
56%
7 Charlotte
52%
15 chloe
52%
11 Evelyn
44%
10 Mila
44%
12 Layla
41%
9 Harper
37%
8 Penelope
30%
No matching quizzes found
Score Distribution
Percent of People with Each Score
Percentile by Number Answered
Your Score History
You have not taken this quiz since the last reset